LIBRARY & INFORMATION CENTRE, KCAET, TAVANUR

ONLINE PUBLIC ACCESS CATALOGUE (OPAC)

Concepts in biotechnology / (Record no. 13235)

MARC details
000 -LEADER
fixed length control field 00443cam a2200169ua 4500
041 ## - LANGUAGE CODE
Language code of text/sound track or separate title eng
082 ## - DEWEY DECIMAL CLASSIFICATION NUMBER
Classification number 660.6
Item number BAL/CO
100 ## - MAIN ENTRY--AUTHOR NAME
Personal name Balasubramanian, D .
245 00 - TITLE STATEMENT
Title Concepts in biotechnology /
260 ## - PUBLICATION, DISTRIBUTION, ETC. (IMPRINT)
Place of publication Hyderabad :
Name of publisher Universities press India Pvt Ltd ,
Year of publication 2004.
300 ## - PHYSICAL DESCRIPTION
Number of Pages 500 ; .
942 ## - ADDED ENTRY ELEMENTS (KOHA)
Koha item type Books
Holdings
Withdrawn status Lost status Damaged status Home library Current library Date acquired Full call number Accession Number Koha item type Source of acquisition
      KAUAET KAUAET 07/04/2012 660.6 21718 Books  
      KAUAET KAUAET 30/03/2013 660.6 BAL/CO 24014 Books Aman Book Stall, Calicut
free website counter